[Event "GRE-ch U14 Girls"]
[Site "Peristeri"]
[Date "2023.07.05"]
[Round "4"]
[White "Tzima, Despoina Anna"]
[Black "Vardaka, Styliani"]
[Result "1-0"]
[WhiteElo "1153"]
[BlackElo "1364"]
[PlyCount "87"]
[EventDate "2023.07.03"]
[EventType "swiss"]
[EventRounds "9"]
[EventCountry "GRE"]
[SourceTitle "EXT 2024"]
[Source "ChessBase"]
[SourceDate "2023.10.10"]
[SourceVersion "1"]
[SourceVersionDate "2023.10.10"]
[SourceQuality "1"]

1. e4 c5 2. Nf3 g6 3. Bc4 Bg7 4. c3 Nc6 5. d4 cxd4 6. cxd4 d6 7. h3 Nf6 8. Nc3 0-0 9. Qe2 Na5 10. Bd3 a6 11. 0-0 b5 12. Bd2 Nc6 13. Rac1 Bd7 14. Be3 e6 15. Nd2 Re8 16. f4 Rc8 17. Nb3 Qe7 18. Rce1 Rc7 19. Qf3 Qd8 20. e5 dxe5 21. fxe5 Nd5 22. Nxd5 exd5 23. Qxf7+ Kh8 24. Qf2 Nb4 25. Bb1 Be6 26. a3 Nc6 27. Nc5 Qc8 28. Nxe6 Qxe6 29. Qh4 Kg8 30. Bg5 a5 31. Bf6 b4 32. Bd3 Ra7 33. Bb5 Rc7 34. Bxc6 Rxc6 35. Bg5 Rc2 36. axb4 axb4 37. b3 Qb6 38. Qf4 Rf8 39. Qg4 Re8 40. Qf3 Qb7 41. e6 Bxd4+ 42. Kh1 Rcc8 43. Qf7+ Qxf7 44. exf7+ 1-0

[Event "GRE-ch U20 Girls"]
[Site "Trikala"]
[Date "2023.04.19"]
[Round "2"]
[White "Tsapaki, Asimenia"]
[Black "Vardaka, Styliani"]
[Result "1-0"]
[WhiteElo "1584"]
[BlackElo "1332"]
[PlyCount "87"]
[EventDate "2023.04.18"]
[EventType "swiss"]
[EventRounds "9"]
[EventCountry "GRE"]
[SourceTitle "EXT 2024"]
[Source "ChessBase"]
[SourceDate "2023.10.10"]
[SourceVersion "1"]
[SourceVersionDate "2023.10.10"]
[SourceQuality "1"]

1. e4 c5 2. Nf3 d6 3. d4 cxd4 4. Qxd4 Nc6 5. Bb5 Bd7 6. Bxc6 Bxc6 7. Nc3 Nf6 8. Bg5 e5 9. Qd3 Be7 10. 0-0-0 0-0 11. Bxf6 Bxf6 12. Qxd6 Qa5 13. Qd3 Rfc8 14. Kb1 b5 15. Nd5 Bxd5 16. Qxd5 Qc7 17. Rd2 b4 18. Rhd1 h6 19. Qd6 Qb7 20. Rd5 Rd8 21. Qc5 Rdc8 22. Qb5 Qc7 23. R1d2 Rab8 24. Qd3 a5 25. Rd7 Qc4 26. b3 Qxd3 27. R7xd3 Ra8 28. Rd5 Re8 29. Rb5 Bd8 30. Rxe5 Rxe5 31. Nxe5 Bb6 32. f3 Bc7 33. Nxf7 Bxh2 34. Rd8+ Rxd8 35. Nxd8 Kf8 36. Kc1 Bf4+ 37. Kd1 Ke8 38. Nc6 Bc7 39. Ke2 Kd7 40. Nd4 Be5 41. Nf5 Kc6 42. Ke3 h5 43. f4 Bc3 44. e5 1-0

[Event "GRE-ch U14 Girls"]
[Site "Thessaloniki"]
[Date "2022.08.24"]
[Round "7"]
[White "Mavreli, Symela Maria"]
[Black "Vardaka, Styliani"]
[Result "1-0"]
[WhiteElo "1017"]
[BlackElo "1172"]
[PlyCount "121"]
[EventDate "2022.08.18"]
[EventType "swiss"]
[EventRounds "7"]
[EventCountry "GRE"]
[SourceTitle "EXT 2024"]
[Source "ChessBase"]
[SourceDate "2023.10.10"]
[SourceVersion "1"]
[SourceVersionDate "2023.10.10"]
[SourceQuality "1"]

1. Nf3 c5 2. g3 d6 3. Bg2 Nf6 4. d3 e6 5. 0-0 Be7 6. e4 0-0 7. Nbd2 Nc6 8. Re1 e5 9. Nf1 a6 10. a4 Be6 11. Ne3 h6 12. Nh4 Nd4 13. Nhf5 Rb8 14. Nxe7+ Qxe7 15. Nd5 Nxd5 16. exd5 Bd7 17. f4 f6 18. c3 Nf5 19. d4 cxd4 20. cxd4 Rfe8 21. dxe5 fxe5 22. Bd2 Qd8 23. b3 b5 24. axb5 Bxb5 25. fxe5 dxe5 26. Bh3 Nd4 27. Bg2 Rc8 28. Rc1 Rxc1 29. Bxc1 Qa5 30. Bd2 Qa2 31. Re4 Nxb3 32. Bc3 Rf8 33. Rxe5 Rf2 34. Bh3 Nc5 35. Bd4 Rd2 36. Qc1 Rxd4 37. d6 Ba4 38. Qxc5 Rd1+ 39. Bf1 Qb1 40. Qc4+ Kh7 41. Re3 Rxf1+ 42. Qxf1 Qb6 43. Qd3+ Kg8 44. Kf2 Bd7 45. Qd5+ Kh7 46. Qe4+ Kh8 47. Qe7 Bc6 48. d7 Bxd7 49. Qxd7 a5 50. Qe7 Kh7 51. Kg2 Qb2+ 52. Kh3 Qb4 53. Qe4+ Qxe4 54. Rxe4 h5 55. Kh4 Kh6 56. Re6+ g6 57. g4 hxg4 58. Kxg4 a4 59. Ra6 a3 60. Rxa3 Kh7 61. Kg5 1-0

[Event "GRE-ch U14 Girls"]
[Site "Thessaloniki"]
[Date "2022.08.18"]
[Round "1"]
[White "Vardaka, Styliani"]
[Black "Tsapaki, Asimenia"]
[Result "1-0"]
[WhiteElo "1172"]
[BlackElo "1479"]
[PlyCount "159"]
[EventDate "2022.08.18"]
[EventType "swiss"]
[EventRounds "7"]
[EventCountry "GRE"]
[SourceTitle "EXT 2024"]
[Source "ChessBase"]
[SourceDate "2023.10.10"]
[SourceVersion "1"]
[SourceVersionDate "2023.10.10"]
[SourceQuality "1"]

1. d4 d5 2. Bf4 Nf6 3. e3 c5 4. c3 Nc6 5. Nf3 Qb6 6. Qb3 c4 7. Qxb6 axb6 8. Be2 b5 9. Ne5 Bf5 10. Nd2 e6 11. 0-0 Be7 12. Ndf3 Nh5 13. Bg3 Nxg3 14. hxg3 Nxe5 15. Nxe5 b4 16. cxb4 Bxb4 17. a3 Bd6 18. Rac1 Ke7 19. g4 Bg6 20. Nxg6+ hxg6 21. g3 Rhb8 22. Bf3 f5 23. gxf5 gxf5 24. Kg2 b5 25. g4 fxg4 26. Bxg4 b4 27. axb4 Rxb4 28. Rc2 Rab8 29. Rb1 Rb3 30. e4 Ba3 31. exd5 exd5 32. Re1+ Kf8 33. bxa3 Rxa3 34. Be6 Rb5 35. Re5 Raa5 36. Bd7 Rb6 37. Rc3 Rg6+ 38. Kf3 Rb6 39. Kg2 Rg6+ 40. Kf1 Rf6 41. Rf5 Ke7 42. Rxf6 gxf6 43. Bf5 Ra1+ 44. Ke2 Ra2+ 45. Kf3 Rd2 46. Ke3 Ra2 47. Rc2 Ra3+ 48. Kf4 Kd6 49. Re2 Kc6 50. Re6+ Kb5 51. Rxf6 c3 52. Rf8 Kc4 53. Ke5 Ra5 54. Rc8+ Kb3 55. f4 Rb5 56. Rc5 Rb8 57. Rxd5 Re8+ 58. Kd6 Rd8+ 59. Ke6 Re8+ 60. Kf7 Re2 61. Rc5 Rf2 62. Rb5+ Kc4 63. Re5 Kxd4 64. Re4+ Kd5 65. Rb4 c2 66. Bxc2 Rxc2 67. Kf6 Rf2 68. f5 Ra2 69. Rb5+ Kc6 70. Re5 Kd6 71. Re6+ Kd7 72. Re7+ Kd8 73. Kf7 Rh2 74. Re8+ Kd7 75. Re3 Kd6 76. f6 Rf2 77. Kg7 Rg2+ 78. Kf8 Rf2 79. f7 Rf1 80. Ke8 1-0

[Event "GRE-chT U16"]
[Site "Thessaloniki"]
[Date "2021.12.19"]
[Round "6.6"]
[White "Vardaka, Styliani"]
[Black "Psarianou, Eleni"]
[Result "1-0"]
[WhiteElo "1057"]
[BlackElo "1151"]
[PlyCount "147"]
[EventDate "2021.12.16"]
[EventType "team-swiss"]
[EventRounds "6"]
[EventCountry "GRE"]
[SourceTitle "CBM 205 Extra"]
[Source "ChessBase"]
[SourceDate "2022.01.31"]
[SourceVersion "1"]
[SourceVersionDate "2022.01.31"]
[SourceQuality "1"]
[WhiteTeam "Katerinis"]
[BlackTeam "Chanion"]
[WhiteTeamCountry "GRE"]
[BlackTeamCountry "GRE"]

1. d4 e6 2. Bf4 Nf6 3. e3 Nh5 4. Qxh5 d6 5. Nf3 c6 6. Ng5 Qa5+ 7. c3 Qf5 8. Qd1 e5 9. dxe5 dxe5 10. Bd3 Qf6 11. Ne4 Qe7 12. Bg3 f5 13. Qh5+ g6 14. Qg5 fxe4 15. Qxe7+ Bxe7 16. Bxe5 Rf8 17. Bxe4 Nd7 18. Bg3 Nc5 19. Bc2 Bf5 20. Bxf5 Rxf5 21. 0-0 Nd3 22. e4 Rf6 23. b4 c5 24. a3 c4 25. Nd2 Rc8 26. Bh4 Rf7 27. Bxe7 Kxe7 28. Rad1 b5 29. Nf3 Kf6 30. h3 h6 31. g3 Re8 32. Nd4 a6 33. f3 Rfe7 34. Kg2 h5 35. h4 Rb7 36. Ra1 Ra8 37. a4 Rab8 38. axb5 axb5 39. Ra6+ Rb6 40. Rxb6+ Rxb6 41. Ra1 Nb2 42. Ra5 Nd3 43. Rxb5 Ra6 44. Ra5 Rb6 45. Rc5 Nxc5 46. bxc5 Rb2+ 47. Kh3 Rb7 48. g4 Ke5 49. Kg3 Rc7 50. c6 Kf6 51. gxh5 gxh5 52. Kf4 Rc8 53. e5+ Kg6 54. e6 Kf6 55. Ke4 Rd8 56. f4 Rc8 57. f5 Rc7 58. Kd5 Rc8 59. Kd6 Re8 60. c7 Rc8 61. Kd7 Rxc7+ 62. Kxc7 Ke7 63. Kc6 Kf6 64. Kd7 Ke5 65. e7 Kf4 66. e8Q Kg4 67. Qe4+ Kh3 68. Ke6 Kh2 69. Qe3 Kg2 70. Ke5 Kh2 71. Kf4 Kg2 72. Qe6 Kh3 73. Qg6 Kxh4 74. Qg3# 1-0

[Event "GRE-chT U16"]
[Site "Thessaloniki"]
[Date "2021.12.17"]
[Round "2.6"]
[White "Mitsiou, Anna Maria"]
[Black "Vardaka, Styliani"]
[Result "0-1"]
[WhiteElo "877"]
[BlackElo "1057"]
[PlyCount "52"]
[EventDate "2021.12.16"]
[EventType "team-swiss"]
[EventRounds "6"]
[EventCountry "GRE"]
[SourceTitle "CBM 205 Extra"]
[Source "ChessBase"]
[SourceDate "2022.01.31"]
[SourceVersion "1"]
[SourceVersionDate "2022.01.31"]
[SourceQuality "1"]
[WhiteTeam "Polygyrou ASO"]
[BlackTeam "Katerinis"]
[WhiteTeamCountry "GRE"]
[BlackTeamCountry "GRE"]

1. e4 c5 2. Nf3 d6 3. Bb5+ Bd7 4. c4 Nf6 5. Nc3 a6 6. Bxd7+ Nbxd7 7. 0-0 e6 8. d4 cxd4 9. Nxd4 Nc5 10. Re1 Be7 11. b3 0-0 12. Bb2 Qc7 13. Qc2 Ng4 14. Nf3 Bf6 15. Rad1 Rad8 16. h3 Ne5 17. Nxe5 Bxe5 18. g3 Qb6 19. Kg2 Qc6 20. Kg1 f5 21. Re3 fxe4 22. Nxe4 Nxe4 23. Bxe5 Nxf2 24. Kf1 Ng4+ 25. Ke2 Rf2+ 26. Kd3 Rxc2 0-1

[Event "GRE-chT U16"]
[Site "Thessaloniki"]
[Date "2019.11.30"]
[Round "4.4"]
[White "Vardaka, Styliani"]
[Black "Gerasopoulos, Nikolaos"]
[Result "0-1"]
[WhiteElo "1019"]
[BlackElo "1281"]
[PlyCount "96"]
[EventDate "2019.11.28"]
[EventType "team-swiss"]
[EventRounds "6"]
[EventCountry "GRE"]
[SourceTitle "CBM 193 Extra"]
[Source "ChessBase"]
[SourceDate "2020.01.31"]
[SourceVersion "1"]
[SourceVersionDate "2020.01.31"]
[SourceQuality "1"]
[WhiteTeam "Katerinis"]
[BlackTeam "Thessaloniki ES"]
[WhiteTeamCountry "GRE"]
[BlackTeamCountry "GRE"]

1. e4 e6 2. d4 d5 3. e5 c5 4. c3 Nc6 5. Nf3 c4 6. Be2 Nge7 7. 0-0 Nf5 8. b3 b5 9. Na3 a6 10. Nc2 Be7 11. Re1 0-0 12. Kh1 Bb7 13. Rg1 f6 14. g4 Nh6 15. exf6 Bd6 16. fxg7 Kxg7 17. Bxh6+ Kxh6 18. g5+ Kg7 19. Qf1 Ne7 20. Ne3 Ng6 21. Qh3 Kh8 22. Qh6 Rg8 23. Rg4 Qd7 24. Rag1 Qf7 25. Rf1 Rac8 26. Nd1 Nf4 27. Nh4 Nxe2 28. g6 Qg7 29. Qh5 Nf4 30. Qg5 h6 31. Nf5 hxg5 32. Nxg7 Rxg7 33. Rxg5 Rxg6 34. Rxg6 Nxg6 35. Re1 e5 36. dxe5 Nxe5 37. Kg1 Nf3+ 38. Kf1 Nxe1 39. Kxe1 Bxh2 40. b4 Re8+ 41. Kd2 Bf4+ 42. Kc2 Re2+ 43. Kb1 d4 44. cxd4 Be4+ 45. Ka1 Re1 46. Kb2 Rxd1 47. a3 Rd2+ 48. Kc3 Rc2# 0-1

[Event "GRE-chT U16"]
[Site "Thessaloniki"]
[Date "2019.11.29"]
[Round "2.4"]
[White "Papaioannou, Dimitrios1111"]
[Black "Vardaka, Styliani"]
[Result "1-0"]
[WhiteElo "1658"]
[BlackElo "1019"]
[PlyCount "98"]
[EventDate "2019.11.28"]
[EventType "team-swiss"]
[EventRounds "6"]
[EventCountry "GRE"]
[SourceTitle "CBM 193 Extra"]
[Source "ChessBase"]
[SourceDate "2020.01.31"]
[SourceVersion "1"]
[SourceVersionDate "2020.01.31"]
[SourceQuality "1"]
[WhiteTeam "Nikaia Fysiolatris"]
[BlackTeam "Katerinis"]
[WhiteTeamCountry "GRE"]
[BlackTeamCountry "GRE"]

1. e4 c5 2. Nf3 d6 3. d4 cxd4 4. Nxd4 Nf6 5. Nc3 a6 6. Be3 e5 7. Nb3 Be6 8. f4 exf4 9. Bxf4 Be7 10. Qe2 0-0 11. h3 b5 12. 0-0-0 Qb6 13. g4 b4 14. Nd5 Bxd5 15. exd5 Re8 16. Bg2 a5 17. Nd4 Na6 18. g5 Nd7 19. Rhe1 Nc7 20. Qd2 Nc5 21. Nf5 Bf8 22. Bf1 a4 23. Qd4 b3 24. cxb3 Rxe1 25. Rxe1 g6 26. b4 Nd7 27. Qxb6 Nxb6 28. Ne3 Ncxd5 29. Nxd5 Nxd5 30. Bd2 a3 31. Bg2 Rc8+ 32. Kb1 Nb6 33. bxa3 Bg7 34. b5 Nc4 35. Bb4 Be5 36. Bc6 Rb8 37. a4 Rd8 38. a5 d5 39. a6 Bc7 40. a7 Nb6 41. a4 d4 42. a5 Na8 43. Be7 Rc8 44. Bxa8 Bxa5 45. Bb7 Re8 46. Rd1 Bb6 47. a8Q Rxa8 48. Bxa8 Kg7 49. Bf6+ Kf8 1-0

[Event "GRE-ch U10 Girls"]
[Site "Rio Achaia"]
[Date "2018.07.08"]
[Round "8"]
[White "Skaraki, Georgia"]
[Black "Vardaka, Styliani"]
[Result "1/2-1/2"]
[WhiteElo "1027"]
[BlackElo "1142"]
[PlyCount "102"]
[EventDate "2018.07.03"]
[EventType "swiss"]
[EventRounds "9"]
[EventCountry "GRE"]
[SourceTitle "EXT 2019"]
[Source "ChessBase"]
[SourceDate "2018.10.10"]
[SourceVersion "1"]
[SourceVersionDate "2018.10.10"]
[SourceQuality "1"]

1. c4 e5 2. Nc3 Nf6 3. g3 d5 4. cxd5 Nxd5 5. Bg2 Be6 6. Nf3 Nc6 7. 0-0 f6 8. d3 Qd7 9. Nxd5 Bxd5 10. Be3 0-0-0 11. a3 g5 12. b4 h5 13. Rb1 h4 14. Qc2 Kb8 15. Rfd1 hxg3 16. fxg3 Nd4 17. Bxd4 exd4 18. Rdc1 Bd6 19. Re1 Qh7 20. e4 dxe3 21. Rxe3 Bxf3 22. Bxf3 Qh6 23. Re2 Rhe8 24. Rbe1 Rxe2 25. Rxe2 Qf8 26. Qc4 c6 27. d4 Re8 28. Rxe8+ Qxe8 29. d5 Kc7 30. Be4 Be5 31. a4 Qd7 32. b5 f5 33. Bg2 Qd6 34. dxc6 bxc6 35. Qxc6+ Qxc6 36. Bxc6 Kb6 37. Bd5 Ka5 38. Bb3 Bd6 39. Kg2 f4 40. gxf4 gxf4 41. Kf3 Bc7 42. h4 Bd6 43. h5 Be5 44. h6 Kb4 45. Bd1 Ka5 46. h7 Kb6 47. h8Q Bxh8 48. Kxf4 Ka5 49. Ke4 Kb4 50. Kd5 Ka5 51. Kc6 Bd4 1/2-1/2